000 00239nam a2200097 4500
999 _c531745
_d531745
040 _cDLC
082 _a624.15136
_bHAU
100 _aHausmann, Manfred R.
_924745
245 _aEngineering principles of ground modifications
942 _2ddc
_cBK